[Event "SLO-chT2 East"]
[Site "Velenje"]
[Date "2006.09.18"]
[Round "5"]
[White "Novak, Andrej"]
[Black "Perkovic, Boris"]
[Result "0-1"]
[WhiteElo "1839"]
[BlackElo "1899"]
[PlyCount "48"]
[EventDate "2006.05.21"]
[EventType "team"]
[EventRounds "9"]
[EventCountry "SLO"]
[SourceTitle "EXT 2008"]
[Source "ChessBase"]
[SourceDate "2007.11.25"]
[SourceVersion "1"]
[SourceVersionDate "2007.11.25"]
[SourceQuality "1"]

1. b3 d5 2. Bb2 c5 3. e3 Nc6 4. Bb5 Bd7 5. f4 Nf6 6. Nf3 a6 7. Bxc6 Bxc6 8. Ne5 e6 9. Nxc6 bxc6 10. d3 Be7 11. Nd2 Qb6 12. Qe2 0-0 13. 0-0-0 a5 14. a4 Rab8 15. e4 Nd7 16. g4 c4 17. dxc4 Nc5 18. cxd5 cxd5 19. exd5 Rfc8 20. Kb1 Nxa4 21. Nc4 Qb4 22. Rd4 Nxb2 23. dxe6 Nxc4 24. exf7+ Kxf7 0-1

[Event "SLO-chT2 East"]
[Site "Velenje"]
[Date "2005.11.08"]
[Round "7"]
[White "Ocepek, Martin"]
[Black "Perkovic, Boris"]
[Result "1-0"]
[WhiteElo "1949"]
[BlackElo "1890"]
[PlyCount "87"]
[EventDate "2005.05.27"]
[EventType "team"]
[EventRounds "9"]
[EventCountry "SLO"]
[SourceTitle "EXT 2009"]
[Source "ChessBase"]
[SourceDate "2008.11.26"]
[SourceVersion "1"]
[SourceVersionDate "2008.11.26"]
[SourceQuality "1"]

1. d4 d5 2. Nf3 Bf5 3. c4 dxc4 4. Nc3 Nf6 5. e3 e6 6. Bxc4 Nbd7 7. 0-0 c6 8. a3 Nb6 9. Ba2 Bg4 10. b4 Rc8 11. Bb2 Be7 12. Rc1 0-0 13. Qc2 Nbd5 14. Ne5 Bf5 15. Qe2 Nxc3 16. Rxc3 Ne4 17. Rcc1 a6 18. Bb1 Nd6 19. Ba2 a5 20. bxa5 Qxa5 21. Nd7 Rfd8 22. Nc5 Qa7 23. e4 Bg6 24. e5 Nb5 25. Nxe6 fxe6 26. Bxe6+ Kh8 27. Bxc8 Rxc8 28. Qxb5 Bg5 29. f4 Bd8 30. Qc4 Bc7 31. f5 Bh5 32. Kh1 Qb8 33. f6 gxf6 34. Rxf6 Rg8 35. Rcf1 Bg6 36. Qe2 Qd8 37. e6 Qd6 38. R6f4 Qd5 39. e7 Bxf4 40. Rxf4 Bd3 41. Qe5+ Qxe5 42. dxe5 Kg7 43. e6+ Kg6 44. Rf8 1-0

[Event "SLO-chT2 East"]
[Site "Velenje"]
[Date "2005.10.13"]
[Round "5"]
[White "Perkovic, Boris"]
[Black "Hari, Bogdan"]
[Result "1/2-1/2"]
[WhiteElo "1890"]
[BlackElo "2097"]
[PlyCount "54"]
[EventDate "2005.05.27"]
[EventType "team"]
[EventRounds "9"]
[EventCountry "SLO"]
[SourceTitle "EXT 2009"]
[Source "ChessBase"]
[SourceDate "2008.11.26"]
[SourceVersion "1"]
[SourceVersionDate "2008.11.26"]
[SourceQuality "1"]

1. d4 d6 2. e4 Nd7 3. Nf3 g6 4. Bc4 Bg7 5. h3 e6 6. Bg5 Ne7 7. Nbd2 0-0 8. c3 c6 9. Bb3 b5 10. 0-0 Nb6 11. Re1 a5 12. a3 h6 13. Be3 Kh7 14. Nf1 f5 15. Bc1 Qc7 16. e5 d5 17. Ne3 Bd7 18. Bc2 c5 19. Bd2 Nc4 20. Bc1 cxd4 21. cxd4 Rfc8 22. Bd3 Qb6 23. b3 Nxe3 24. Bxe3 Rc3 25. Rc1 Rac8 26. Rxc3 Rxc3 27. Qb1 Bf8 1/2-1/2

[Event "SLO-chT2E"]
[Site "Velenje"]
[Date "2004.11.01"]
[Round "2"]
[White "Vrecic, Marko"]
[Black "Perkovic, Boris"]
[Result "1-0"]
[WhiteElo "2054"]
[BlackElo "1914"]
[PlyCount "53"]
[EventDate "2004.11.01"]
[EventType "team"]
[EventRounds "9"]
[EventCountry "SLO"]
[SourceTitle "EXT 2008"]
[Source "ChessBase"]
[SourceDate "2007.11.25"]
[SourceVersion "1"]
[SourceVersionDate "2007.11.25"]
[SourceQuality "1"]

1. e4 e6 2. d4 d5 3. Nc3 dxe4 4. Nxe4 Nd7 5. Nf3 Ngf6 6. Nxf6+ Nxf6 7. Ne5 Be7 8. Bd3 0-0 9. 0-0 c5 10. dxc5 Qc7 11. Bf4 Qxc5 12. Re1 Qb4 13. Qf3 a5 14. Rab1 a4 15. a3 Qc5 16. Qh3 g6 17. Qh6 Re8 18. Re3 Bf8 19. Qh4 Nh5 20. Rh3 Be7 21. Qxh5 gxh5 22. Rg3+ Bg5 23. Rxg5+ Kf8 24. Nd7+ Bxd7 25. Rxc5 f5 26. Rc7 Re7 27. Bd6 1-0